О повышении производительности вихретокового контроля; В мире неразрушающего контроля; № 1

Detalles Bibliográficos
Parent link:В мире неразрушающего контроля: Ежеквартальное журнальное обозрение.— , 2001-.— 1609-3178
№ 1.— 2006.— С. 54-56
Autor Principal: Петушков С. М.
Idioma:ruso
Publicado: 2006
Series:Вихретоковый контроль
Subjects:
Formato: Capítulo de libro
KOHA link:https://koha.lib.tpu.ru/cgi-bin/koha/opac-detail.pl?biblionumber=401214

MARC

LEADER 00000naa2a2200000 4500
001 401214
005 20231101065518.0
035 |a (RuTPU)RU\TPU\prd\44374 
090 |a 401214 
100 |a 20060629a2006 k y0rusy50 ca 
101 0 |a rus 
102 |a RU 
200 1 |a О повышении производительности вихретокового контроля  |f С. М. Петушков 
225 1 |a Вихретоковый контроль 
461 0 |0 (RuTPU)RU\TPU\prd\1155  |x 1609-3178  |t В мире неразрушающего контроля  |o Ежеквартальное журнальное обозрение  |d 2001- 
463 0 |0 (RuTPU)RU\TPU\prd\43886  |t № 1  |v С. 54-56  |d 2006 
610 1 |a вихретоковый контроль 
610 1 |a производительность 
610 1 |a повышение 
610 1 |a неразрушающий контроль 
610 1 |a накладные преобразователи 
610 1 |a дефектоскопы 
610 1 |a многоэлементные вихретоковые преобразователи 
700 1 |a Петушков  |b С. М. 
801 1 |a RU  |b 63413507  |c 20060629  |g PSBO 
942 |c BK